[Event "SaitekSparc_Risc2500akt"]
[Site "Zürich"]
[Date "2019.01.05"]
[Round "5"]
[White "Saitek Sparc"]
[Black "Saitek Risc 2500 aktiv"]
[Result "0-1"]
[WhiteElo "2254"]
[BlackElo "2247"]
[Annotator "KUT"]
[PlyCount "105"]
[EventDate "2019.01.01"]

1. d4 Nf6 {Match 120'/40 | Bediener: Rolf Bühler | 5. Partie | ECO: E32,
Nimzoindisch (4.Dc2) | Schwarz gewinnt | Zwischenstand: 3½:1½ (+3 -1 =1)
für den Risc 2500 akt | Der Saitek Sparc holt sich kurz nach Ende des
Eröffnungsbuches den schwarzen Zentrumsbauer e5, muss dem Gegner aber
vorübergehend Kompensation einräumen, vor allem als Weiss sich gar für die
lange Rochade erdreistet, wo der Gegner die halboffene b-Linie besitzt. Im 30.
Zug opfert der Saitek Sparc auf g6 einen Springer, hat schliesslich drei
Bauern dafür bei zerschlagener Bauernstruktur des Gegners am Königsflügel.
Unglücklicherweise zahlte sich der mutige Entscheid nicht aus, denn Weiss
hatte einfach zu wenig Kräfte, um dem gegnerischen König etwas anzutun.
Umgekehrt war es nun der Risc 2500 akt, der dem weissen König am Damenflügel
an den Kragen ging. Und gegen diesen Königsangriff vermochte der Saitek Sparc
nichts auszurichten und kassiert eine weitere Null.} 2. c4 e6 3. Nc3 Bb4 4. Qc2
O-O 5. a3 Bxc3+ 6. Qxc3 d6 {***ENDE BUCH***} 7. g3 {***ENDE BUCH***} e5 (7...
Nc6 {Abweichung} 8. Bg2 e5 9. d5 Nd4 10. Be3 Nf5 11. Bg5 h6 12. Bd2 e4 13. Nh3
c6 14. dxc6 bxc6 15. O-O Ba6 16. Bf4 d5 17. b3 Re8 18. Rfd1 c5 19. Ra2 d4 20.
Qc2 Qb6 21. b4 Rad8 22. Rb2 Nd6 23. b5 Bc8 24. Qb3 Be6 25. Bxd6 Qxd6 26. Nf4
Bg4 27. h4 d3 28. Qc3 Qd4 29. Qc1 Nh5 30. Nxh5 Bxh5 31. Ra2 Bxe2 32. Rdd2 e3
33. fxe3 Rxe3 34. Kh2 Qe5 35. Qe1 Rd4 36. Kg1 Rg4 37. Rxe2 dxe2 38. Rxe2 {
Aufgegeben 0-1 (38) Saitek Sparc (2254)-Saitek Risc 2500 normal (2247) Zürich
2018}) 8. dxe5 dxe5 9. Bg2 Nc6 10. Bxc6 $6 {Erobert auf Kosten der Entwicklung
einen Bauer und gibt das starke Läuferpaar auf.} bxc6 11. Qxe5 Re8 12. Qc5 $6
{Nicht die beste Wahl, hat doch Schwarz irgendwann einmal den wichtigen
Tempozug ...Se4 mit Angriff auf die Dame.} (12. Qa5 Qd3 13. Qc3 Qxc3+ 14. bxc3
Ba6 15. f3 Bxc4 16. Kf2 Nd5 17. e4 Nxc3 18. Bd2 Na4 19. Rc1 Bb5 20. Ne2 Nb2 21.
Nf4 Rad8 22. Bc3 Nc4 23. Rhd1 Ba4 24. Rd4 Nb6 25. Nd3 Bb5 26. Nc5 Rxd4 27. Bxd4
Rd8 28. Bc3 Na4 29. Nxa4 Bxa4 30. Ke3 g6 31. Bd4 {1/2-1/2 (31) Matveeva,S 
(2420)-Khukhashvili,S (2371) Plovdiv 2008}) 12... Be6 (12... Ne4 $1 $19 {
war schon hier riesenstark und nach meinen Analysen eigentlich ein langfristig
angelegter Gewinnzug, was die beiden Programme selbstverständlich unmöglich
einschätzen können.}) 13. Be3 Nd7 14. Qd4 {Dass Weiss mit Dxc6 nicht
zugreift, ist irgendwie erstaunlich.} c5 15. Qc3 Rb8 (15... Qe7 16. Rd1 Bf5 17.
Nf3 Rab8 18. O-O f6 19. Rd2 Bg4 20. Rfd1 Nb6 21. b3 Rb7 22. Qa5 Nd7 23. Qa4 c6
24. Qxc6 Qe4 25. Rd5 Rbb8 26. Qc7 Nf8 27. Qxa7 Qc2 28. Re1 Ne6 29. Nd2 Ra8 30.
Qd7 Red8 31. Qb7 Rdb8 32. Qe7 Re8 33. Qd6 Red8 34. Qc6 Rdc8 35. Qb6 Rcb8 36.
Qc6 Rc8 37. Qb5 Rcb8 38. Qd7 Rd8 39. Qe7 Re8 40. Qb7 Reb8 41. Qe7 Re8 {½-½ 
(41) Saitek Sparc (2254)-Saitek Risc 2500 offensiv (2247) Zürich 2018}) 16.
O-O-O {Ein mutiger Entscheid die lange Rochade, wo der Gegner die halboffene
b-Linie besitzt.} (16. Nf3 {mit normaler Entwicklung sieht natürlicher aus})
16... Qc8 17. Nf3 Qb7 18. Nd2 Bg4 19. Rhe1 Re7 20. Kb1 Qb6 21. Ka1 a5 {Man
kann dem Schwarzen eine gewisse Kompensation für den Minusbauer nicht
absprechen vor allem mit Rücksicht auf die Frage, wie Weiss seine Figuren
aufstellen soll.} 22. Nf3 f6 (22... Nf6 $5) 23. Rd2 Rbe8 24. Red1 a4 {Nagelt
die weisse Bauernstellung am Damenflügel fest.} 25. h4 Bf5 26. h5 Qa6 {
Schwarz hat seine Kompensation für den Minusbauer nicht beweisen können, so
dass bereits Weiss etwas besser steht.} 27. h6 g6 28. Nh4 Be6 29. Qc2 {Die
heutigen Engines (Januar 2019) attestieren Weiss nach 39.g4 deutlichen Vorteil
mit Varianten, die für unsere Oldies jenseits von Gut und Böse sind.} Qc6 30.
Nxg6 $2 {Dieses Opfer ist schlicht nicht korrekt. Es mag sein, dass Saitek
Sparc damit einfach das materielle Gleichgewicht wiederherstellen wollte, hat
er doch nun drei Bauern für die Figur mit einer offenen Königstellung von
Schwarz.} hxg6 31. Qxg6+ Kh8 32. Bf4 Rg8 33. Qd3 Nb6 {Am c4-Bauer will sich
Schwarz erlaben.} 34. Qc3 {Begegnet der Drohung ..Sxc4 mit der Gegendrohung
Dxf6.} Rf7 35. Rd8 Bxc4 {Sieht gut aus, auch wenn es stärkere Züge geben mag.
} 36. Qc2 Re7 37. f3 (37. Qf5 $142 $1) 37... Ree8 (37... Bd5 $142 $19) 38. Rxe8
Qxe8 39. Re1 Qe7 40. e4 Bb3 41. Qc3 Kh7 42. g4 Nc4 $17 {Schwarz steht deutlich
besser mit seinen aktiven Figuren. Weiss hat gar nichts und muss dauernd
gegnerische Drohungen bekämpfen.} 43. Rh1 Rd8 $19 {Jetzt beherrscht Schwarz
auch noch die offene d-Linie.} 44. Rg1 Rd7 45. Rc1 {Auch andere Fortsetzungen
retten nicht mehr.} Qd8 46. Rb1 Rd3 47. Bxc7 Qd7 (47... Rxc3 48. Bxd8 Rxf3 {
gewinnt ebenso problemlos}) 48. Qxf6 Ne3 {Schwarz hat Mattangriff; vorerst
droht ...Sc2 matt} 49. Rc1 Rd1 50. Qc3 {Die einzige aber auch ungenügende
Verteidigung.} Qd4 51. Bf4 Rxc1+ 52. Qxc1 Nc2+ 53. Kb1 {Weiss gibt auf} (53.
Kb1 Qc4 54. Qd2 Nd4 55. Ka1 Bc2 56. b4 Nb3+ 57. Kb2 Nxd2 58. g5 Qb3+ 59. Kc1
Nxf3 60. g6+ Kxg6 61. bxc5 Qb1#) 0-1

[Event "SaitekSparc_Risc2500akt"]
[Site "Zürich"]
[Date "2019.01.06"]
[Round "6"]
[White "Saitek Risc 2500 aktiv"]
[Black "Saitek Sparc"]
[Result "1/2-1/2"]
[WhiteElo "2247"]
[BlackElo "2254"]
[Annotator "KUT"]
[PlyCount "56"]
[EventDate "2019.01.01"]

1. e4 c5 {Match 120'/40 | Bediener: Rolf Bühler | 6. Partie | ECO: C09,
Französische Verteidigung (Tarrasch-Variante) | Remis | Zwischenstand: 4:2 
(+3 -1 =2) für den Risc 2500 akt | Aus der Alapin-Variante 2.c3 der
Sizilianischen Verteidigung ergibt sich durch Zugumstellung die
Tarrasch-Variante der Französischen Verteidigung. Und dann spielen beide
Programme bärenstark und produzieren die Wiederholung einer Kurzpartie
zwischen A. Karpov und V. Kortschnoj aus dem Jahre 1974. Der scheinbar
tödlichen Fesslung einer Leichtfigur auf der d-Linie begegnet Schwarz mit
einer Abwicklung, die zum Remis durch Dauerschach führt.} 2. c3 e6 3. d4 d5 4.
exd5 exd5 5. Nf3 Nc6 6. Bb5 Bd6 7. O-O Nge7 8. dxc5 Bxc5 9. Nbd2 O-O 10. Nb3
Bd6 11. Nbd4 Bg4 12. Qa4 {***ENDE BUCH***} Bh5 13. Be3 Qc7 14. h3 Na5 {***ENDE
BUCH***} 15. Bd3 (15. Rad1 {Abweichung} Nc4 16. Bxc4 Qxc4 17. Qxc4 dxc4 18. g4
Bg6 19. Nb5 Bb8 20. Bc5 Be4 21. Nh4 Nc6 22. Bxf8 Kxf8 23. Rd7 a6 24. Nc7 Bxc7
25. Rxc7 Nd8 26. Re1 Bc6 27. Ree7 Kg8 28. Nf5 Ne6 29. Rxf7 Nxc7 30. Rxg7+ Kh8
31. Rxc7 Rd8 32. f4 Rd1+ 33. Kf2 h5 34. Re7 Rd2+ 35. Re2 Rxe2+ 36. Kxe2 Bg2 37.
gxh5 Bxh3 38. Ng3 Kg7 39. Ke3 Be6 40. f5 Bf7 41. Kf4 Kh6 42. f6 Kh7 43. Nf5 Be6
44. Kg5 b6 45. Nd6 Bd5 46. h6 a5 47. f7 Bxf7 48. Nxf7 a4 {Aufgegeben 1-0 (48)
Saitek Risc 2500 normal (2247)-Saitek Sparc (2254) Zürich 2018}) 15... Nc4 16.
Nb5 Qd7 17. Bxc4 dxc4 18. Rfd1 {Es sieht im ersten Moment düster aus für
Schwarz, der durch Txd6 bedroht ist und der gefesselte Läufer hat keinen
Abzug.} Nf5 19. Qxc4 {Es gibt nichts Besseres. Aber nun hat Schwarz eine
Abwicklung zur Verfügung, die das Unentschieden sicherstellt.} (19. g4 Bxg4
20. hxg4 Nxe3 21. Ne5 Qe7 22. Nxd6 (22. Rxd6 a6 $19) 22... Nxd1 23. Rxd1 Qxe5
24. Qxc4 $17) 19... Bxf3 20. gxf3 {Noch sieht sich der Risc 2500 akt in
Erwartung von 20...a6 bei ST 03-07 mit 0.74 positiv.} Nxe3 21. fxe3 {Nun hat
auch Weiss den Braten gerochen und bewertet die Stellung mit mit 00.} Qxh3 22.
Nxd6 Qg3+ 23. Kf1 Qh3+ (23... Qxf3+ 24. Ke1 Qg3+ {1/2-1/2 (23) Karpov,
A-Kortschnoj,V Moscow (Russia) 1974}) 24. Ke1 Qg3+ 25. Ke2 Qh2+ {Der weisse
König darf nicht auf die d-Linie wegen ...Dxd6+ und Schwarz gewinnt.} 26. Kf1
Qh3+ 27. Ke2 Qh2+ 28. Kf1 Qh3+ {Remis 3x} 1/2-1/2

[Event "SaitekSparc_Risc2500akt"]
[Site "Zürich"]
[Date "2019.01.07"]
[Round "7"]
[White "Saitek Sparc"]
[Black "Saitek Risc 2500 aktiv"]
[Result "1-0"]
[WhiteElo "2254"]
[BlackElo "2247"]
[Annotator "KUT"]
[PlyCount "152"]
[EventDate "2019.01.01"]

1. d4 Nf6 {Match 120'/40 | Bediener: Rolf Bühler | 7. Partie | ECO: E23,
Nimzoindisch (4.Db3) | Weiss gewinnt | Zwischenstand: 4:3 (+3 -2 =2) für den
Risc 2500 akt | Schwarz agiert in der ausgeglichenen Stellung nach der
Eröffnung im Zentrum nicht optimal und verliert einen Bauer. Das schliesslich
entstehende Turmendspiel mit weissem Plusbauer, einem Freibauer auf der
a-Linie, ist schwierig. Und fast erwartungsgemäss gelingt es der schwächeren
Partei nicht, gegen das zweitklassige Vorgehen des Saitek Sparc die richtigen
Gegenmittel zu finden. Und so verliert der Risc 2500 akt die Partie dann eben
doch noch.} 2. c4 e6 3. Nc3 Bb4 4. Qb3 {Die als Spielmann-Variante bezeichnete
Fortsetzung war in den 1920-Jahren populär, wird aber auch heute noch von
verschiedenen Grossmeistern ab und zu angewendet. Der Textzug vermeidet die
eventuelle Verdoppelung des c-Bauern. Gegenüber dem stärker verbreiteten 4.
Dc2 kann 4.Db3 nie das Feld e4 kontrollieren. Zudem steht die Dame auf b3
weniger günstig und kann leicht angegriffen werden. Verhindert ist auch das
Aufziehen des weissen b-Bauern. Trotz allem ist 4.Db3 aber bei weitem kein
schlechter Zug.} c5 {Die energischste Fortsetzung.} 5. dxc5 Nc6 {Mit dem
Textzug beabsichtigt Schwarz ...Se4 mit Gegenspiel im Zentrum und am
Damenflügel, es droht ...Sxc5 oder ...Sxc3. Ein anderer Plan ist 5...Sa6, um
die weisse Damenstellung auszunutzen und den Springer mit Tempogewinn auf die
Marschroute a6-c5-e4 zu führen.} 6. Nf3 {Weiss verzichtet darauf, den Zug ...
Se4 zu verhindern, um seine Kräfte so schnell wie möglich zu mobilisieren 
(Mark Taimanov).} Ne4 {Die beste Entgegnung.} 7. Bd2 Nxc5 (7... Nxd2 8. Nxd2
Bxc5 $11 {ist am gebräuchlichsten}) 8. Qc2 O-O 9. a3 Bxc3 10. Bxc3 {***ENDE
BUCH***} f5 {Ein guter Vorstoss, mit dem sich Schwarz den Stützpunkt e4 im
Zentrum sichert. Ansonsten kam noch 10...a5 in Frage} (10... d5 {Abweichung}
11. e3 Ne4 12. Rd1 Nxc3 13. Qxc3 Ne7 14. e4 f6 15. Be2 b6 16. Qb3 Qd6 17. O-O
Bb7 18. Rd2 f5 19. exd5 exd5 20. cxd5 Rad8 21. Bc4 a5 22. Re1 Kh8 23. Re6 Qc5
24. Ng5 Ng8 25. Rxb6 Bc8 26. d6 Nf6 27. Rb5 Qc6 28. Nf7+ Rxf7 29. Bxf7 Ne4 30.
Rc2 Qxd6 31. Rd5 Qe7 32. Rxd8+ Qxd8 33. Qd3 Qf8 34. Qd5 Nf6 35. Qxa5 Bd7 36.
Bc4 Qb8 37. b3 Ng4 38. Rd2 Nf6 39. Rd4 Qf8 40. b4 Qc8 41. h3 Qe8 42. b5 Qc8 43.
b6 h6 44. Qa6 Qe8 45. b7 Bc6 {Aufgegeben 1-0 (45) Saitek Sparc (2254)-Saitek
Risc 2500 normal (2247) Zürich 2018}) 11. b4 Ne4 12. Bb2 d6 (12... b6 {
ist gleichwertig}) 13. e3 {Gut ist auch 13...a5, um das Feld c5 freizukämpfen.
} e5 14. Be2 Be6 15. O-O {***ENDE BUCH***} Rc8 (15... a5 {macht noch immer
einen guten Eindruck.}) 16. Nd2 {Verständlich, dass Weiss den lästigen
Zentrumsspringer beseitigen will.} d5 {Vorsichtiger ist ...Sf6} 17. Nxe4 fxe4
18. Kh1 $6 {Einmal mehr schlägt er zu, der so genannte Saitek Sparc Effekt,
bei dem sich der König freiwillig in die Ecke verzieht. Ein unglaublich
nutzloser Tempoverlust. Hier wäre 18.cxd5 zum Vorteil von Weiss ausgefallen.}
Qg5 {Mit 18...b5 wäre Schwarz besser gefahren} (18... b5 19. c5 a6 20. a4 (20.
f3 $5) 20... d4 21. Qxe4 Bd5 $11) 19. cxd5 Nxb4 20. Qa4 Nxd5 21. Qxe4 {Erobert
einen Bauer.} Nc3 22. Bxc3 Rxc3 23. Qxb7 {Trotz weissem Mehrbauer muss der
Saitek Sparc gut spielen, um weiterzukommen, stehen doch die schwarzen Figuren
recht gut.} Rb3 {Dem König mit 23...h6 oder evtl. auch 23...g6 ein Luftloch
zu öffnen, um jeglichen Schachs auf der 8. Reihe gefahrlos zu begegnen,
scheint die richtige Fortsetzung.} 24. Qxa7 Bd5 {droht ...Dxg2 matt} 25. f3 {
Etwas genauer ist 25.e4} Rxe3 26. Qa6 Rd8 27. Bc4 Kh8 28. Bxd5 Rxd5 $16 {
Weiss hat es geschafft, seinen Mehrbauer zu behalten und dem Gegner keinen
gefährlichen Angriff zu gestatten. Und wenn das so bleibt, stellt der weisse
Freibauer auf der a-Linie für Schwarz eine grosse Gefahr dar,} 29. Rfd1 {
Noch besser zu gefallen mag 29.Tfc1 aber auch so ist klar, dass Schwarz wegen
des fehlenden Fluchtfeldes für seinen König einen schweren Stand hat.} Rd8
30. Qa5 Re8 31. Qb5 Rc8 32. Rac1 Re1+ 33. Rxe1 Qxc1 34. Qe8+ Rxe8 35. Rxc1 Ra8
{Ein für beide Programme schwieriges Turmendspiel beginnt. Die Erfahrungen
zeigen, dass in der überwiegenden Anzahl der Fälle der weisse Frei- und
Mehrbauer den Sieg bringen wird.} 36. Kg1 (36. a4 $16 {um den Bauer möglichst
weit nach vorne zu bringen, die gegnerischen Kräfte zu binden und den eigenen
Turm hinter den Freibauer zu stellen, war ein besserer Plan.}) 36... Kg8 37.
Rc3 {Hier kann der Turm seinen Freibauer nicht unterstützen, was die
schwarzen Aussichten auf ein Remis stark vergrössert. Ein Handicap von
Schwarz ist einfach der schwache e5-Bauer. Stände dieser Bauer auf f5,
könnte Weiss wohl nicht gewinnen.} (37. Ra1 {noch immer verdiente dieser Plan
den Vorzug}) 37... Kf7 38. Kf2 Ke6 39. Ke3 Ra4 $2 {Eine ungenügende
Verteidigung. Schwarz musste am anderen Flügel aktiv auftreten und vorerst ...
h5 ziehen mit der Absicht, ...Kf5 und ...g5 folgen zu lassen mit der Idee, die
weisse Bauernstruktur am Königsflügel zu schwächen sowie angreifbar zu
machen und im Zusammenspiel mit König und Bauern zu versuchen, seinen e-Bauer
in einen Freibauer zu verwandeln.} 40. h3 {Sinnvoller war es, sofort den
König in Richtung b3 in Bewegung zu setzen.} g6 {zu langsam} 41. Kd3 Kd5 42.
Kc2 Ra7 43. Rd3+ Kc5 44. Kb2 Kc4 45. Rc3+ Kd5 46. Re3 Rb7+ 47. Rb3 Ra7 48. Rb5+
Kd4 49. Kb3 Rc7 50. Rb8 (50. a4 {war angezeigt; Weiss sollte mit seinem Trumpf
spielen}) 50... Ke3 51. Ka2 {Der weisse Vorteil ist fast komplett
zusammengeschrumpft.} Ra7 (51... g5 $11 {denn ich sehe nicht, wie Weiss hier
Fortschritte machen könnte.} 52. a4 h5 53. Kb3 Kf2 54. Rg8 g4 55. hxg4 h4 $11)
52. Rc8 Kf2 (52... g5 $1 $14) 53. Rc2+ Kg3 $2 {Ein ungünstiger Platz für den
König.} 54. Rd2 (54. Re2 $1) 54... Kf4 55. Re2 Kg3 56. Kb3 Rb7+ 57. Kc4 Ra7
58. Kb4 Rb7+ 59. Kc5 Ra7 60. Ra2 $18 {Gewinnstellung für Weiss, der seine
beste Aufstellung hat realisieren können.} Kf4 61. a4 {Der tödliche
Freibauer setzt sich in Marsch.} e4 62. fxe4 Kxe4 63. a5 Ra6 64. Kb5 Ra8 65. a6
Kf4 66. a7 Kg3 {Schwarz hängt hilflos in den Seilen.} 67. Kb6 Rf8 68. Rc2 g5
69. Kb7 h5 70. a8=Q Rxa8 71. Kxa8 g4 72. hxg4 hxg4 73. Kb7 Kf4 74. Rc3 Kf5 75.
g3 Ke4 76. Rb3 Ke5 {Schwarz gab auf} 1-0